000 01244cad a22002415a 4500
001 L157581
008 130129s2012 xxk f 000 0 eng d
035 _a(Sirsi) u157581
041 0 _aeng
110 2 _aUnited Kingdom
_bDepartment for Communities and Local Government
_94939
245 0 0 _aImproving the energy efficiency of our buildings
_bA guide to display energy certificates and advisory reports for public buildings
_h[electronic resource]
260 _aLondon
_bDCLG
_c2013
520 _aGuide provides an introduction to the obligation now in force for buildings occupied by a public authority where the total useful floor area of the building exceeds 500 square metres and which is frequently visited by the public.
590 _aKA
650 2 4 _aEU DIRECTIVE 2010/31/EU
650 2 4 _aENERGY PERFORMANCE OF BUILDINGS (ENGLAND AND WALES) REGULATIONS 2012
651 4 _aENGLAND AND WALES
690 _aEnergy
_96237
690 _aSustainability
_96271
690 _aEnvironment
_96238
856 4 0 _uhttps://www.gov.uk/government/uploads/system/uploads/attachment_data/file/51164/A_guide_to_display_energy_certificates_and_advisory_reports_for_public_buildings.pdf
_zView the guidance free of charge at www/gov.uk
942 _n0
999 _c114850
_d114850